书目信息 |
| 题名: |
非晶态物理学
|
|
| 作者: | 郭怡诚 , 王震西 主编 | |
| 分册: | ||
| 出版信息: | 北京 科学出版社 1984.12 |
|
| 页数: | 548页 | |
| 开本: | 20cm | |
| 丛书名: | 现代物理学丛书 | |
| 单 册: | ||
| 中图分类: | O4 | |
| 科图分类: | ||
| 主题词: | 物理学 | |
| 电子资源: | ||
| ISBN: | ||
| 000 | 00596nam0 2200217 45 | |
| 001 | 0312221749 | |
| 005 | 20031222171108.4 | |
| 010 | @dCNY3.20 | |
| 100 | @a20031222d1984 km y0chiy0120 ea | |
| 101 | @achi | |
| 105 | @a z 000yy | |
| 200 | 1 | @a非晶态物理学@AFei Jing Tai Wu Li Xue@f郭怡诚,王震西主编@FGuo Yi Cheng,Wang Zhen Xi Zhu Bian |
| 210 | @a北京@c科学出版社@d1984.12 | |
| 215 | @a548页@d20cm | |
| 225 | 2 | @a现代物理学丛书 |
| 606 | 0 | @a物理学 |
| 690 | @aO4@v3 | |
| 701 | 0 | @a郭怡诚@4主编 |
| 701 | 0 | @a王震西@4主编 |
| 801 | @aCN@bTSTCL@c20031222 | |
| 905 | @a213230@dO4@e107@b126618@f1 | |
| 非晶态物理学/郭怡诚,王震西主编.-北京:科学出版社,1984.12 |
| 548页;20cm.-(现代物理学丛书) |
| ISBN :CNY3.20 |
| ● |
| 相关链接 |
|
|
|
|
正题名:非晶态物理学
索取号:O4/107
 
预约/预借
| 序号 | 登录号 | 条形码 | 馆藏地/架位号 | 状态 | 备注 |
| 1 | 0126618 | 000391864 | 第三借阅区/ [索取号:O4/107] | 在馆 | |
| 2 | 0126619 | 202098755 | 第二样本阅览室/ [索取号:O4/107] | 在馆 |